000 01183nam a2200301 i 4500
003 EG-GICUC
005 20260324133437.0
008 260220s1948 ua |||fr|||| 00| 0 ara d
040 _a EG-GICUC
_bara
_c EG-GICUC
_d EG-GICUC
_erda
041 0 _aAra
082 0 4 _221
_a343.82
_bت ا . ق
092 0 4 _221
099 _aLaw1 10 343.82 ت ا . ق 1948
100 1 _aتادريس، تادريس ميخائيل
_eمؤلف.
245 1 2 _aالقواعد العلمية لفحص وتحليل شهادة الشهود فى علم النفس والقانون المقارن /
_cتأليف واقتباس تادريس ميخائيل تادريس.
264 1 _aالقاهرة :
_bمكتبة الأنجلو المصرية،
_c1948.
300 _a256 ؛صفحة
_c24 سم.
336 _2rda content
_atext
337 _2rda media
_aComputer
338 _2rda carrier
_aOnline Resource
546 _aالنص باللغة العربية
650 1 _aعلم النفس القضائى
_2qrmak
650 1 _aالقانون الجنائى
_2qrmak
651 1 _2qrmak
856 4 0 _uhttps://fll.law.cu.edu.eg/fulltext/bks/B10-05824.pdf
905 _a54
_eYara
942 _2ddc
_cBK
_e21
_n0
999 _c63903
_d63903